लोड हो रहा है...

Desktop publishing & design for dummies. - 3rd ed. ,/

ग्रंथसूची विवरण
मुख्य लेखक: Parker, Roger C.
स्वरूप: Printed Book
भाषा:English
प्रकाशित: New Delhi: Comdex computer publishing, 1996.
संस्करण:3rd ed. ,/
विषय:
LEADER 00576 a2200169 4500
008 090316t xxu||||| |||| 00| 0 eng d
100 |a Parker, Roger C.  |9 2758 
245 |a Desktop publishing & design for dummies. - 3rd ed. ,/  |c Roger C Parker 
250 |a 3rd ed. ,/ 
260 |a New Delhi:  |b Comdex computer publishing,   |c 1996. 
300 |a 328p. 
650 |a Visuals.  |9 2759 
650 |a Design.  |9 2760 
700 |a Parker, Roger C.  |9 2761 
942 |2 ddc  |c BK  |6 _ 
999 |c 84821  |d 84821 
952 |0 0  |1 0  |2 ddc  |4 0  |6 _  |7 0  |9 106031  |a DCA  |b DCA  |d 2009-03-16  |p CA000690  |r 2009-03-16  |w 2009-03-16  |y BK